Professional diplomacy and foreign affairs management : the Malaysian experience

Bibliographic Details
Main Author: Kumaraseri, G. R. A.
Format: Book
Published: Kuala Lumpur : Pelanduk Publ. , 1992
Subjects:

MARC

LEADER 00000cam a2200000 7i4500
001 0000009441
005 20151119.0
020 |a 9679784347 
040 |a INS 
090 0 0 |a JX1859.M4   |b K86 1992 
100 0 |a Kumaraseri, G. R. A. 
245 1 0 |a Professional diplomacy and foreign affairs management :   |b the Malaysian experience   |c by G. R. A. Kumaraseri 
260 |a Kuala Lumpur :   |b Pelanduk Publ. ,   |c 1992 
300 |a 398p ;   |c 24cm. 
650 0 |a Ambassadors   |x Training of   |z Malaysia 
650 0 |a Diplomatic and consular service   |x Training of   |z Malaysia 
651 0 |a Malaysia   |x Diplomatic and Consular service 
651 0 |a Malaysia   |x Foreign relations administration 
999 |a 0000021954   |b BOOK   |c Open Shelf   |e Default branch 
999 |a 0000022336   |b BOOK   |c Open Shelf   |e Default branch